000 00664nam a2200229 i 4500
001 C2-0316310
003 PPAK
005 20180728112308.0
008 120723s2011 paua|||| ||||| | eng d
020 _a9781565235090
040 _aPPAK
_beng
_cPPAK
_erda
082 0 4 _a646.404
_223
090 0 0 _a646.404
_bGAR
_dR
245 0 0 _aGarment construction
264 1 _aEast Petersburg, Pennsylvania :
_bFox Chapel Publishing ,
_c2011
300 _a175 pages :
_bcolour illustrations ;
_c22 cm
336 _2rdacontent
_atext
337 _2rdamedia
_aunmediated
338 _2rdacarrier
_avolume
650 1 0 _aTailoring (Women's). ; Dressmaking.
942 _ddc
_cB
999 _c117447
_d117447